Introduction to The Finite Element Method / (Record no. 26566)

000 -LEADER
fixed length control field 00495 a2200169 4500
008 - FIXED-LENGTH DATA ELEMENTS--GENERAL INFORMATION
fixed length control field 230615b ||||| |||| 00| 0 eng d
020 ## - INTERNATIONAL STANDARD BOOK NUMBER
International Standard Book Number 9789390385270
Terms of availability Rs.950.00
041 0# - LANGUAGE CODE
Language code of text/sound track or separate title eng
082 00 - DEWEY DECIMAL CLASSIFICATION NUMBER
Classification number 620.00151825
Item number R3137
100 ## - MAIN ENTRY--PERSONAL NAME
Personal name Reddy, J. N.
245 ## - TITLE STATEMENT
Title Introduction to The Finite Element Method /
250 ## - EDITION STATEMENT
Edition statement 4th ed.
260 ## - PUBLICATION, DISTRIBUTION, ETC. (IMPRINT)
Place of publication, distribution, etc Chennai:
Name of publisher, distributor, etc McGraw Hill Education (India) Pvt. Ltd.,
Date of publication, distribution, etc 2020.
300 ## - PHYSICAL DESCRIPTION
Extent xxxiv,782 p.
650 #0 - SUBJECT ADDED ENTRY--TOPICAL TERM
Topical term or geographic name as entry element Finite element method
942 ## - ADDED ENTRY ELEMENTS (KOHA)
Source of classification or shelving scheme
Item type Books
Holdings
Withdrawn status Lost status Source of classification or shelving scheme Damaged status Not for loan Permanent location Current location Shelving location Date acquired Source of acquisition Cost, normal purchase price Full call number Barcode Date last seen Cost, replacement price Koha item type
          IMU Kolkata IMU Kolkata Reference 2023-06-15 4 697.68 620.00151825 R3137 13870 2023-06-15 950.00 Books
          IMU Kolkata IMU Kolkata   2023-06-15 4 697.68 620.00151825 R3137 13871 2023-06-15 950.00 Books
          IMU Kolkata IMU Kolkata   2023-06-15 4 697.68 620.00151825 R3137 13872 2023-06-15 950.00 Books
          IMU Kolkata IMU Kolkata   2023-06-15 4 697.68 620.00151825 R3137 13873 2023-06-15 950.00 Books
          IMU Kolkata IMU Kolkata   2023-06-15 4 697.68 620.00151825 R3137 13874 2023-06-15 950.00 Books
Designed and Maintained by IMU-KC Library, Kolkata Campus © Copyright All Rights Reserved

webs counters

Powered by Koha